00328nam a2200133Ia 4500008004100000020001500041041001200056082001600068100001400084245003900098260003300137300000800170650001600178221030s9999 xx 000 0 und d a8187522755 aEnglish a105.23bBan aR. Bangia 0aLearning E- Commercecby R. Bangia bKhanna Pub.aNew Delhic2000 a176 aBE Computer